000 00704nam a22002057a 4500
005 20170425111609.0
010 _aBAC-CH25
020 _a9788180221620
_c225.00
035 _aB-558288-317
035 _aB-669737
037 _adpl
_bABC /Ven
082 _a525.03
245 _aJunior encyclopedia : planet earth /
260 _bPriority Publications
_c2013
300 _a48p.:
_bcol.ill
_c27cm(Hb)
490 _aBlow-up !
942 _2ddc
_cCH
_mJUN
_h525.03
999 _c86950
_d86950